| 000 | 01286nam a2200181Ia 4500 | ||
|---|---|---|---|
| 008 | 151202s9999||||xx |||||||||||||| ||und|| | ||
| 082 | _bPNVM-122012 | ||
| 100 | _aगोडबोले रमेश. | ||
| 245 | _aसूर्यनमस्कार/हृदयविकार टाळण्यासाठी/मानसिक स्वास्थ/स्थूलपणावरविजय/मधुमेहावर नियंत्रण ठेवण्यासाठी सूचना. | ||
| 260 | _b--- | ||
| 260 | _c2012 | ||
| 300 | _a60 | ||
| 600 | _aगोडबोले रमेश. | ||
| 630 | _aसूर्यनमस्कार/हृदयविकार टाळण्यासाठी/मानसिक स्वास्थ/स्थूलपणावरविजय/मधुमेहावर नियंत्रण ठेवण्यासाठी सूचना. | ||
| 700 | _aगोडबोले रमेश. | ||
| 730 | _aसूर्यनमस्कार/हृदयविकार टाळण्यासाठी/मानसिक स्वास्थ/स्थूलपणावरविजय/मधुमेहावर नियंत्रण ठेवण्यासाठी सूचना. | ||
| 942 | _cBOOK | ||
| 999 |
_c1352141 _d1352138 |
||